Tìm hiểu nguyên lí hoạt động của máy in Laser ứng dụng để sửa chữa một máy in bị hỏng Luận văn tốt nghiệp Đại học Kĩ thuật ngành Điện tử Khoa 19
Bewaard in:
| Hoofdauteur: | |
|---|---|
| Formaat: | Boek |
| Taal: | Undetermined |
| Gepubliceerd in: |
Cần Thơ
Trường Đại học Cần Thơ, Khoa Công nghệ thông tin
1998
|
| Tags: |
Voeg label toe
Geen labels, Wees de eerste die dit record labelt!
|
| Thư viện lưu trữ: | Trung tâm Học liệu Trường Đại học Cần Thơ |
|---|
| LEADER | 00711nam a2200157Ia 4500 | ||
|---|---|---|---|
| 001 | CTU_25015 | ||
| 008 | 210402s9999 xx 000 0 und d | ||
| 100 | |a Ngô Trúc Hưng | ||
| 245 | 0 | |a Tìm hiểu nguyên lí hoạt động của máy in Laser ứng dụng để sửa chữa một máy in bị hỏng | |
| 245 | 0 | |b Luận văn tốt nghiệp Đại học Kĩ thuật ngành Điện tử Khoa 19 | |
| 245 | 0 | |c Ngô Trúc Hưng | |
| 260 | |a Cần Thơ | ||
| 260 | |b Trường Đại học Cần Thơ, Khoa Công nghệ thông tin | ||
| 260 | |c 1998 | ||
| 904 | |i Nguyễn Quang Điền, 980908 | ||
| 980 | |a Trung tâm Học liệu Trường Đại học Cần Thơ | ||